| 000 | 00500nam a2200193Ia 4500 | ||
|---|---|---|---|
| 008 | 131103s9999 xx 000 0 und d | ||
| 040 | _aLoreto College | ||
| 041 | _aEnglish | ||
| 082 |
_a891.43/PRE _bLCLIB/2366 |
||
| 100 | _aPremchand | ||
| 245 |
_aKalam ka Sipahi _cPremchand |
||
| 260 |
_aAllahabad _bHansh Prakashan _c1962 |
||
| 300 |
_a679 p. _c 21 cm. |
||
| 650 | _aPremchand - Criticism | ||
| 651 | _aPremchand - Biography | ||
| 700 | _aRoy,Amrit;ed. | ||
| 850 | _aLCLIB | ||
| 942 | _cBK | ||
| 999 |
_c18803 _d69282 |
||